Organización escolar

Salvato in:
Dettagli Bibliografici
Autore principale: Isáis Reyes, Jesús M (Autore)
Natura: Libro
Lingua:spagnolo
Pubblicazione: Ciudad de México Herrero 1959
Edizione:2a. ed
Soggetti:
Tags: Aggiungi Tag
Nessun Tag, puoi essere il primo ad aggiungerne!!

MARC

LEADER 00000nam a2200000 a 4500
001 UCU0625
003 CL-VaPUC
008 960322e19590000MX |||||||||||||||||spa|d
082 0 4 |a 371.2  |b ISA  |2 21 
100 0 |a Isáis Reyes, Jesús M  |e author  |9 355962 
245 1 0 |a Organización escolar 
250 |a 2a. ed 
300 |a 283 p 
942 |c BK 
945 |d 19960322 00:00:00  |a paguirre 
260 |a Ciudad de México  |b Herrero  |c 1959 
650 0 |a Administración de la enseñanza   |9 261034 
650 0 |a Gestión educacional   |9 261035 
650 0 |a Planificación de la educación   |9 307333 
583 |a last modification  |c 20170427 01:04:38  |k Rodrigo Vera 
999 |c 245464  |d 245462 
952 |0 0  |1 0  |4 0  |6 371_200000000000000_ISA_1959  |7 0  |8 P  |9 259973  |a BIBEDU  |b BIBEDU  |c BIBEDU_PB  |d 2019-11-19  |i 1637193  |o 371.2 ISA 1959  |p 1637193  |r 2024-01-25  |w 2019-11-19  |y BK  |k EDU